000 00833nam a2200241Ia 4500
003 OSt
005 20240905121717.0
008 220927b |||||||| |||| 00| 0 eng d
020 _c7500
_a9788176258838
037 _b1329, 03/12/2010, Kiran Book Service
_cTextual
040 _aSDCL
_cSDCL
_beng
041 _2eng
_aeng
082 _a4k P8.6 RR
100 _aMehta, Malti Ed.
_9430868
245 0 _aEncyclopaedia of mass communication :
_bmultimedia perspectives: power of television.
_henglish
260 _aNew Delhi:
_bSarup Book Publishers,
_c2008.
300 _avi,318p.
490 _vVolume 6
650 _aHindi
_9391598
700 _a Sharma, S.R., Ed.
_9430869
942 _h4k P8.6 RR
_cREF
_2CC
999 _c747289
_d747289